Smart retail : winning ideas and strategies from the most successful retailers in the world

Bibliographic Details
Main Author: Hammond, Richard
Format: Section = Libro
Language:Undetermined
Spanish
Published: [s.l] Prentice Hall 2011
Edition:3a.ed.
Subjects:
LEADER 00549nam a2200193Ia 4500
008 240829s9999 xx 000 0 und d
020 |a 978-0-273-74454-2 
040 |a BIBLIOTECA-RUSB/ 658.87 H227 
041 |a spa 
082 |a 658.87 H227 
100 1 |a Hammond, Richard 
245 1 0 |a Smart retail : winning ideas and strategies from the most successful retailers in the world 
250 |a 3a.ed. 
260 |a [s.l]  |b Prentice Hall  |c 2011 
300 |a 224 p. 
650 7 |a GESTION DE COMERCIO-MINORISTA 
942 |c BK  |2 ddc 
991 |a TEXTO 
999 |c 4279